000 02096cam a2200265 4500500
005 20260301000719.0
041 _afre
042 _adc
100 1 0 _aMata, Maria Eugénia
_eauthor
700 1 0 _aFernandes Ferreira, Leonor
_eauthor
700 1 0 _aPereira dos Santos, João
_eauthor
245 0 0 _aSuccess and failure in portuguese Colonial Africa: the case of the Cazengo agricultural company (1900-1945)
260 _c2018.
500 _a69
520 _aAgribusiness faced tremendous management challenges in management in the early 20th century and, although research in this area has been abundant, the nature of Portuguese agricultural management had certain specific characteristics that are worthy of particular attention. Management practices used by the aristocratic land administration in the Portuguese motherland were transferred to colonial Africa for tropical plantation companies where the bank of issue of Portugal was the major shareholder. This article focuses on the case of the Cazengo Agricultural Company, a large Angolan coffee corporation created in 1900, and highlights how boards in such uncertain environments had to be inventive to deal with the huge business risks involved. It provides substantial novel historical research by taking into account financial reporting and production performance as well as organizational aspects. The initial success of Cazengo’s business is explained in the context of close ties with the political and financial authorities and the company’s subsequent failure is considered to be the result of organizational rigidities, an inability to anticipate and adapt to long-term trends and a lack of strategic vision.
690 _aagribusiness
690 _aAngola
690 _aCoffee
690 _aentrepreneurship
690 _aGreat Depression
690 _aorganizational innovation
690 _astrategy
786 0 _nEntreprises et histoire | o 88 | 3 | 2018-02-12 | p. 53-73 | 1161-2770
856 4 1 _uhttps://shs.cairn.info/journal-entreprises-et-histoire-2017-3-page-53?lang=en&redirect-ssocas=7080
999 _c1672180
_d1672180